000 00363nam a22001457a 4500
008 210311b ||||| |||| 00| 0 eng d
020 _a9780323074032
041 _aeng
080 _29th
_a610.73
082 _a610.73
100 _a1
101 _aINF
245 _aMosby s Dictionary of Medicine, Nursing & Health Professions
_cO'Toole, M. T
942 _2udc
_cBK
999 _c56414
_d56414